Quiz Cultura Generale - Quiz n°57 - Statistics

Statistiche generali
  • Questo quiz è stato fatto 202 volte
  • Il punteggio medio è 8 su 15
Statistiche sulle risposte
Domanda Risposta % Corretto
Quanti lati ha un ettagono? 7
96%
Quale alimento si ottiene tramite il riscaldamento di chicchi di mais? Pop Corn
96%
Quale rete televisiva trasmette "Avanti un altro"? Canale 5
87%
Quante ruote ha un Ape Piaggio? 3
81%
Qual è la tradizione del termine inglese "below"? Sotto
79%
Come si chiama il maschio dell'ape? Fuco
67%
Qual è la capitale delle Filippine? Manila
66%
Chi è stato Presidente del Consiglio dei ministri tra il 2001 ed il 2005? Silvio Berlusconi
49%
Quale provincia della Marche ha meno comuni? Provincia di Ascoli Piceno
40%
Da quale città partì la spedizione dei Mille di Garibaldi nel 1860? Quarto
33%
Chi era il padre dell'eroe omerico Achille? Peleo
31%
Quale squadra ha affrontato la Roma in finale di Conference League nel 2022? Feyenoord
27%
Nella Divina Commedia, quale categoria di peccatori si trova nel IX Cerchio? Traditori
14%
Come era conosciuto lo Sri Lanka fino al 1972? Ceylon
13%
A quale stato apparteneva Milano nel 1850? Regno Lombardo-Veneto
5%
Nessun quiz corrispondente trovato
Distribuzione punteggi
Percentuale di utenti per punteggio
Percentile per numero di risposta
I tuoi punteggi nel tempo
Non hai fatto questo quiz